| 000 | 00483nam a2200181Ia 4500 | ||
|---|---|---|---|
| 003 | GCL | ||
| 008 | 140319s9999 xx 000 0 eng d | ||
| 040 |
_aGCL / _cGCL |
||
| 082 | 0 | 4 |
_a523.1 _bS A |
| 100 | 1 | _aSILK, JOSEPH | |
| 245 | 1 | 0 |
_aA SHORT HISTORY OF THE UNIVERESE / _cSILK, JOSEPH |
| 260 |
_a[S.N] : _bSCIENTIFIC AMERICAN LIBRARY ، _c1994 |
||
| 300 | _a246 P | ||
| 650 | 0 | 4 | _aالادب السويسرى |
| 650 | 0 | 4 | _aCOSMOLOGY |
| 650 | 0 | 4 | _aASTROPHYSICS |
| 942 |
_2ddc _cBK |
||
| 999 |
_c15875 _d15875 |
||